书目信息 |
| 题名: |
地球科学导论
|
|
| 作者: | 刘本培 , 蔡运龙 主编 | |
| 分册: | ||
| 出版信息: | 北京 高等教育出版社 2000.04 |
|
| 页数: | 368页 | |
| 开本: | 16开 | |
| 丛书名: | ||
| 单 册: | ||
| 中图分类: | P183-43 | |
| 科图分类: | ||
| 主题词: | 太阳系 | |
| 电子资源: | ||
| ISBN: | 7-04-007974-7 | |
| 000 | 00592nam0 2200205 45 | |
| 001 | 0106210974 | |
| 005 | 20010621091507.5 | |
| 010 | @a7-04-007974-7@d19.90元 | |
| 100 | @a20010621d2000 km y0chiy0120 ea | |
| 101 | 0 | @achi |
| 105 | @a z 000yy | |
| 200 | 1 | @a地球科学导论@ADi Qiu Ke Xue Dao Lun@f刘本培,蔡运龙主编@FLiu Ben Pei,Cai Yun Long Zhu Bian |
| 210 | @a北京@c高等教育出版社@d2000.04 | |
| 215 | @a368页@d16开 | |
| 606 | 0 | @a太阳系 |
| 690 | @aP183-43@v3 | |
| 701 | 0 | @a刘本培@4主编 |
| 701 | 0 | @a蔡运龙@4主编 |
| 801 | @aCN@bPftUser@c20010621 | |
| 905 | @f10@b350122-131@dP183-43@eL651 | |
| 地球科学导论/刘本培,蔡运龙主编.-北京:高等教育出版社,2000.04 |
| 368页;16开 |
| ISBN 7-04-007974-7:19.90元 |
| ● |
| 相关链接 |
|
|
|
正题名:地球科学导论
索取号:P183-43/L651
 
预约/预借
| 序号 | 登录号 | 条形码 | 馆藏地/架位号 | 状态 | 备注 |
| 1 | 350122 | 203501228 | 期刊室512/401自科库 111排1列3层/ [索取号:P183-43/L651] | 在馆 | |
| 2 | 350123 | 203501237 | 社科二线400B/400B社科库 7排1列6层/ [索取号:P183-43/L651] | 在馆 | |
| 3 | 350124 | 203501246 | 社科二线400B/400B社科库 7排1列6层/ [索取号:P183-43/L651] | 在馆 | |
| 4 | 350125 | 203501255 | 社科二线400B/400B社科库 7排1列6层/ [索取号:P183-43/L651] | 在馆 | |
| 5 | 350126 | 203501264 | 自科二线504/504自科库 44排6列2层/ [索取号:P183-43/L651] | 在馆 | |
| 6 | 350127 | 203501273 | 社科二线400B/400B社科库 7排1列6层/ [索取号:P183-43/L651] | 在馆 | |
| 7 | 350128 | 203501282 | 自科二线504/504自科库 44排6列2层/ [索取号:P183-43/L651] | 在馆 | |
| 8 | 350129 | 203501291 | 自科二线504/504自科库 44排6列2层/ [索取号:P183-43/L651] | 在馆 | |
| 9 | 350130 | 203501308 | 自科库401/401自科库 111排2列4层/ [索取号:P183-43/L651] | 在馆 | |
| 10 | 350131 | 203501317 | 自科二线504/504自科库 44排6列2层/ [索取号:P183-43/L651] | 在馆 |